The birth of Jesus : (Record no. 105234)
[ view plain ]
| 000 -LEADER | |
|---|---|
| fixed length control field | 00532nam a2200169 a 4500 |
| 005 - DATE AND TIME OF LATEST TRANSACTION | |
| control field | 20140412111348.0 |
| 008 - FIXED-LENGTH DATA ELEMENTS--GENERAL INFORMATION | |
| fixed length control field | 050421s19uu xx 00 eng d |
| 020 ## - INTERNATIONAL STANDARD BOOK NUMBER | |
| International Standard Book Number | 0-8499-4031-1 |
| 050 ## - LIBRARY OF CONGRESS CALL NUMBER | |
| Classification number | M 226.09 |
| Item number | H27 1994 |
| 100 ## - MAIN ENTRY--PERSONAL NAME | |
| Personal name | Hastings, Selina |
| 245 ## - TITLE STATEMENT | |
| Title | The birth of Jesus : |
| Remainder of title | and other Bible stories / |
| Statement of responsibility, etc | retold by Selina Hastings. |
| 260 ## - PUBLICATION, DISTRIBUTION, ETC. (IMPRINT) | |
| Place of publication, distribution, etc | Nashville : |
| Name of publisher, distributor, etc | Tommy Nelson, Inc, |
| Date of publication, distribution, etc | 1994. |
| 300 ## - PHYSICAL DESCRIPTION | |
| Extent | 64 p. ; ill. |
| 650 ## - SUBJECT ADDED ENTRY--TOPICAL TERM | |
| Topical term or geographic name as entry element | Jesus Christ |
| General subdivision | Nativity |
| -- | Juvenile literature |
| 650 ## - SUBJECT ADDED ENTRY--TOPICAL TERM | |
| Topical term or geographic name as entry element | Bible stories, N. T. |
| Withdrawn status | Lost status | Damaged status | Home library | Current library | Shelving location | Date acquired | Source of acquisition | Cost, normal purchase price | Total Checkouts | Full call number | Barcode | Date last seen | Price effective from | Koha item type |
|---|---|---|---|---|---|---|---|---|---|---|---|---|---|---|
| Elizalde Library | Elizalde Library | Main Section | 04/21/2005 | 95.00 | M 226.09 H27 1994 | E9688 | 04/12/2014 | 04/12/2014 | Books |